[Event "Czech Open A 2013"]
[Site "Pardubice CZE"]
[Date "2013.07.20"]
[Round "2.15"]
[White "Druska,J"]
[Black "Teske,H"]
[Result "1/2-1/2"]
[WhiteElo "2385"]
[BlackElo "2517"]
[EventDate "2013.07.19"]

1. e4 d6 2. d4 Nf6 3. Nc3 g6 4. Be3 a6 5. a4 Bg7 6. h3 O-O 7. Nf3 b6 8. Bd3 Bb7
9. O-O Nc6 10. d5 Nb4 11. Nd4 c6 12. dxc6 Nxc6 13. Nxc6 Bxc6 14. Qe2 Nd7 15.
Bxa6 Bxc3 16. bxc3 Bxe4 17. Bh6 Re8 18. Bb5 Bb7 19. Qg4 Nf6 20. Qh4 Ba6 21. Bxe8
Bxf1 22. Bxf7+ Kxf7 23. Kxf1 b5 24. Bg5 h5 25. Bxf6 exf6 26. Qb4 Qa5 27. Qxd6
bxa4 28. Qd7+ Kg8 29. Re1 Qd8 30. Qxd8+ Rxd8 31. Ra1 Ra8 32. c4 Kf7 33. Ke2 Ke6
34. Kd3 Kd6 35. Kd4 a3 36. c5+ Kc6 37. Kc4 f5 38. Kb4 a2 39. Kb3 Rb8+ 40. Kxa2
Kxc5 41. Re1 Kd5 42. Re3 h4 43. Rb3 Re8 44. Rd3+ Kc5 45. Kb2 Re1 46. Kc3 Rg1 47.
g3 Rf1 48. gxh4 Rxf2 1/2-1/2

[Event "Czech Open A 2013"]
[Site "Pardubice CZE"]
[Date "2013.07.20"]
[Round "2.16"]
[White "Stukopin,A"]
[Black "Pasiev,R"]
[Result "1-0"]
[WhiteElo "2517"]
[BlackElo "2384"]
[EventDate "2013.07.19"]

1. e4 c5 2. Nf3 e6 3. d4 cxd4 4. Nxd4 a6 5. Be2 Nf6 6. Nc3 d6 7. O-O Be7 8. f4
Qc7 9. Kh1 O-O 10. a4 Nc6 11. Be3 Bd7 12. Nb3 b6 13. Bf3 Rfd8 14. g4 Bc8 15. g5
Nd7 16. Bg2 Bf8 17. Rf3 g6 18. Rh3 Bg7 19. Qe1 Nb4 20. Qf2 Rb8 21. f5 Nf8 22.
Rh4 Bxc3 23. bxc3 Qxc3 24. fxe6 fxe6 25. Rf1 Qc7 26. Rf4 1-0

[Event "Czech Open A 2013"]
[Site "Pardubice CZE"]
[Date "2013.07.20"]
[Round "2.17"]
[White "Seyb,A"]
[Black "Chernyshov,K"]
[Result "0-1"]
[WhiteElo "2380"]
[BlackElo "2514"]
[EventDate "2013.07.19"]

1. e4 c6 2. d4 d6 3. Nc3 g6 4. h3 Bg7 5. Nf3 b5 6. a3 a6 7. Be2 Nd7 8. O-O Bb7
9. Re1 c5 10. d5 Ngf6 11. Bf1 O-O 12. Bf4 Nb6 13. Qd2 Nfd7 14. Bh6 Ne5 15. Nxe5
Bxh6 16. Qxh6 dxe5 17. a4 b4 18. Nb1 a5 19. h4 f6 20. c4 Bc8 21. Nd2 Bd7 22. b3
Nc8 23. Nf3 Nd6 24. h5 Nf7 25. Qe3 Qb6 26. Be2 Kg7 27. Rf1 Rac8 28. Ne1 f5 29.
g3 fxe4 30. Qxe4 Qf6 31. Nd3 Bf5 32. Qe3 Bxd3 33. Bxd3 Ng5 34. Kg2 Qf3+ 35. Qxf3
Rxf3 36. Bc2 Rc3 37. Bd1 e4 38. hxg6 hxg6 39. Re1 Rd8 40. Re3 Rxe3 41. fxe3 e6
42. Be2 exd5 43. cxd5 Rxd5 44. Ra2 Kf6 45. Rc2 Ke5 46. g4 Kd6 47. Kg3 Rd3 48.
Bxd3 exd3 49. Rh2 Ne4+ 50. Kf3 Ke5 51. Rh8 Nd2+ 52. Kf2 Nxb3 53. Re8+ Kd5 54.
e4+ Kc4 55. e5 Nd4 56. Ke1 b3 0-1

[Event "Czech Open A 2013"]
[Site "Pardubice CZE"]
[Date "2013.07.20"]
[Round "2.18"]
[White "Bures,J"]
[Black "Stupak,K"]
[Result "1/2-1/2"]
[WhiteElo "2379"]
[BlackElo "2510"]
[EventDate "2013.07.19"]

1. e4 e6 2. d4 d5 3. exd5 exd5 4. Nf3 Bg4 5. h3 Bh5 6. Nc3 Bb4 7. Bd3 Ne7 8. O-O
Nbc6 9. Be3 f6 10. a3 Bxc3 11. bxc3 Na5 12. Re1 Qd6 13. a4 O-O 14. Bc1 Rfe8 15.
Ba3 Qd8 16. g4 Bg6 17. Nh4 Bxd3 18. cxd3 Ng6 19. Rxe8+ Qxe8 20. Nf5 Qe6 21. Qf3
b6 22. h4 Re8 1/2-1/2

[Event "Czech Open A 2013"]
[Site "Pardubice CZE"]
[Date "2013.07.20"]
[Round "2.19"]
[White "Shyam,SM"]
[Black "Akkozov,B"]
[Result "1-0"]
[WhiteElo "2505"]
[BlackElo "2377"]
[EventDate "2013.07.19"]

1. e4 c5 2. Nf3 d6 3. d4 Nf6 4. Nc3 cxd4 5. Nxd4 a6 6. g3 e5 7. Nb3 Be7 8. Bg2
b5 9. a4 b4 10. Nd5 Nxd5 11. Qxd5 Ra7 12. Be3 Be6 13. Qd3 Rb7 14. O-O O-O 15.
Rfc1 h6 16. f4 Qc8 17. Na5 Rc7 18. f5 Bd7 19. Bf1 d5 20. Qxd5 Rd8 21. Qb3 Rc5
22. Nc4 Bc6 23. Qxb4 Bxe4 24. Nd6 Rxd6 25. Qxe4 Bg5 26. Bxg5 hxg5 27. c3 Nd7 28.
Rd1 Nf6 29. Qe3 Rcd5 30. Rxd5 Rxd5 31. b4 Qxf5 32. Bc4 Rd6 33. b5 Qc2 34. bxa6
Ng4 35. Qe2 Rd2 36. a7 Rxe2 37. a8=Q+ Kh7 38. Qf3 Qb2 39. Bd3+ Kh6 40. Rb1 Re1+
41. Rxe1 Qxh2+ 42. Kf1 Qd2 43. Qxg4 Qxd3+ 44. Kg2 1-0

[Event "Czech Open A 2013"]
[Site "Pardubice CZE"]
[Date "2013.07.20"]
[Round "2.20"]
[White "Vyskocil,N"]
[Black "Boros,De"]
[Result "1-0"]
[WhiteElo "2374"]
[BlackElo "2504"]
[EventDate "2013.07.19"]

1. c4 Nf6 2. Nc3 g6 3. g3 Bg7 4. Bg2 O-O 5. Nf3 Nc6 6. d4 d6 7. O-O Bf5 8. Nd5
Nd7 9. b3 e6 10. Ne3 Be4 11. Bb2 f5 12. Ne1 Bxg2 13. N1xg2 Qf6 14. Nc2 Qf7 15.
Rb1 Nf6 16. d5 Nd8 17. Nce3 e5 18. f4 Qe7 19. Qc2 c5 20. dxc6 Nxc6 21. Nd5 Nxd5
22. cxd5 Nb4 23. Qd2 Na6 24. b4 Rac8 25. Rbc1 Qd8 26. Rxc8 Qb6+ 27. Bd4 Qxd4+
28. Qxd4 exd4 29. Rxf8+ Kxf8 30. Rc1 d3 31. exd3 Bd4+ 32. Kf1 Nxb4 33. Rc8+ Ke7
34. Rc7+ Kf6 35. a4 Nxd5 36. Rxb7 h6 37. Ne1 g5 38. fxg5+ hxg5 39. Nc2 Bb6 40.
a5 Ne3+ 41. Kg1 Nxc2+ 42. Rxb6 1-0

[Event "Czech Open A 2013"]
[Site "Pardubice CZE"]
[Date "2013.07.20"]
[Round "2.21"]
[White "Mozharov,M"]
[Black "Klenburg,M"]
[Result "1-0"]
[WhiteElo "2495"]
[BlackElo "2368"]
[EventDate "2013.07.19"]

1. Nf3 Nf6 2. g3 d6 3. d4 Nbd7 4. c4 e5 5. Nc3 Be7 6. Bg2 O-O 7. O-O c6 8. Qc2
Qc7 9. b3 Re8 10. Bb2 Bf8 11. e3 a6 12. Rac1 b6 13. a3 Bb7 14. b4 exd4 15. exd4
a5 16. b5 c5 17. d5 g6 18. Rfe1 Bg7 19. Na4 Rxe1+ 20. Rxe1 Re8 21. Rxe8+ Nxe8
22. Bc1 Bc8 23. Qe2 Ndf6 24. h3 Kf8 25. g4 h6 26. Bb2 Bd7 27. Nd2 Ng8 28. Bxg7+
Nxg7 29. Qe3 h5 30. f3 hxg4 31. hxg4 f5 32. Qf4 Ke8 33. Bh3 Ne7 34. Nf1 Nc8 35.
Qg5 Kf7 36. Ng3 Ne7 37. Qf4 Ke8 38. Bf1 Nc8 39. Qg5 Kf7 40. Bd3 Ne7 41. Kg2 Qb8
42. Ne2 Qc7 43. Nf4 Bc8 44. Qh6 Qd8 45. Nh3 fxg4 46. Ng5+ Kf8 47. Nh7+ Kf7 48.
Qf4+ Kg8 49. Nf6+ Kf7 50. fxg4 Ngf5 51. Ne4 Kg7 52. gxf5 Nxf5 53. Ng3 Nd4 54.
Nc3 Qh8 55. Nce4 Qh3+ 56. Kg1 1-0

[Event "Czech Open A 2013"]
[Site "Pardubice CZE"]
[Date "2013.07.20"]
[Round "2.22"]
[White "Sergeyev,A"]
[Black "Neverov,V"]
[Result "1-0"]
[WhiteElo "2368"]
[BlackElo "2492"]
[EventDate "2013.07.19"]

1. d4 Nf6 2. Nf3 g6 3. g3 Bg7 4. Bg2 c5 5. c3 Qb6 6. Na3 O-O 7. O-O d6 8. Nc4
Qc7 9. b3 b6 10. Bb2 Bb7 11. Ne3 Nbd7 12. Rc1 e6 13. c4 a6 14. a3 Rac8 15. b4
Ne4 16. Qd3 f5 17. Rfd1 f4 18. Ng4 d5 19. Nfe5 fxg3 20. hxg3 Ndf6 21. Nxf6+ Bxf6
22. f4 Qe7 23. dxc5 bxc5 24. cxd5 Bxe5 25. Bxe5 exd5 26. Bxe4 dxe4 27. Qc4+ Rf7
28. bxc5 e3 29. Rd6 Bc6 30. Qxa6 Qe8 31. Qd3 Rb7 32. Rd1 Ra7 33. Qb3+ Rf7 34.
Bf6 Qe4 35. Rd8+ Rxd8 36. Rxd8+ Be8 37. Be5 Qc6 38. Qb6 Qa4 39. Qe6 1-0

[Event "Czech Open A 2013"]
[Site "Pardubice CZE"]
[Date "2013.07.20"]
[Round "2.23"]
[White "Galego,L"]
[Black "Chos,A"]
[Result "1-0"]
[WhiteElo "2488"]
[BlackElo "2362"]
[EventDate "2013.07.19"]

1. e4 c5 2. Nf3 d6 3. g3 Nd7 4. Bg2 Ngf6 5. Nc3 e6 6. O-O Be7 7. d3 a6 8. Ng5 h6
9. Nh3 g5 10. f4 g4 11. Nf2 h5 12. Be3 e5 13. fxe5 dxe5 14. Qd2 Nf8 15. Nfd1 Ne6
16. Nd5 Nxd5 17. exd5 Nd4 18. Qf2 Nf3+ 19. Bxf3 gxf3 20. Bxc5 h4 21. Bxe7 Qxe7
22. Qxf3 hxg3 23. hxg3 f5 24. Re1 Bd7 25. d4 e4 26. Qf4 Qh7 27. Nf2 Qh2+ 28. Kf1
Bb5+ 29. Re2 Bxe2+ 30. Kxe2 Qh5+ 31. g4 Qf7 32. Qxf5 Qxf5 33. gxf5 O-O-O 34. c4
Rhf8 35. Nxe4 Rxf5 36. Rh1 Rf4 37. Ke3 Rg4 38. Kf3 Rg7 39. Rh2 Rf8+ 40. Ke3 Rg4
41. Nd6+ Kc7 42. c5 Rg7 43. a4 Rd8 44. Rh6 Rg2 45. b4 Ra2 46. b5 axb5 47. axb5
b6 48. Nc4 bxc5 49. d6+ Kb8 50. dxc5 Rg8 51. c6 Ra4 52. Rh4 Ra1 53. b6 Rd1 54.
d7 Ka8 55. Re4 Rd8 56. Nd2 Rc1 57. Rc4 Re1+ 58. Kf2 Re7 59. Ra4+ 1-0

[Event "Czech Open A 2013"]
[Site "Pardubice CZE"]
[Date "2013.07.20"]
[Round "2.25"]
[White "Gutman,G"]
[Black "Repka,C"]
[Result "1/2-1/2"]
[WhiteElo "2477"]
[BlackElo "2361"]
[EventDate "2013.07.19"]

1. d4 e6 2. Nf3 Nf6 3. c4 b6 4. Nc3 Bb4 5. Bg5 h6 6. Bh4 g5 7. Bg3 Ne4 8. Qc2
Bb7 9. Nd2 Nxg3 10. hxg3 Qf6 11. e3 O-O 12. Bd3 c5 13. dxc5 bxc5 14. Nde4 Qg7
15. a3 Bxc3+ 16. Qxc3 f5 17. Qxg7+ Kxg7 18. Nxc5 Bxg2 19. Rh2 Bf3 20. Be2 Bxe2
21. Kxe2 Rc8 22. Nd3 Nc6 23. Rah1 Rh8 24. b4 d6 25. f4 e5 26. fxg5 hxg5 27. Rxh8
Rxh8 28. Rxh8 Kxh8 29. b5 Na5 30. c5 dxc5 31. Nxe5 Kg7 32. Nc6 Nc4 33. Nxa7 Kf6
34. a4 Ke5 35. Nc6+ Kd5 36. a5 Nd6 37. Ne7+ Kc4 38. a6 Nxb5 39. Nxf5 Kd5 40. e4+
Kc6 41. Kd3 Kb6 42. Kc4 Na3+ 43. Kd5 c4 44. Kd4 Kxa6 45. Ne3 Kb5 46. e5 Kb4 47.
e6 Nb5+ 48. Kd5 c3 49. e7 Nc7+ 50. Kc6 Ne8 51. g4 Ng7 52. Kd5 Kb3 53. Ke5 c2 54.
Nxc2 Kxc2 55. Kf6 Ne8+ 56. Kxg5 Kd3 57. Kf5 Kd4 58. Ke6 Ke4 59. g5 Kf4 60. g6
Kg5 61. Kf7 Nd6+ 62. Kg7 Nf5+ 63. Kf8 Nxe7 64. g7 Kf6 1/2-1/2

[Event "Czech Open A 2013"]
[Site "Pardubice CZE"]
[Date "2013.07.20"]
[Round "2.26"]
[White "Vastrukhin,O"]
[Black "Dourerassou,J"]
[Result "0-1"]
[WhiteElo "2360"]
[BlackElo "2476"]
[EventDate "2013.07.19"]

1. g3 Nf6 2. Bg2 g6 3. d4 d5 4. Nf3 Bg7 5. O-O O-O 6. Bf4 c5 7. c3 Nc6 8. Nbd2
b6 9. Ne5 Bb7 10. Ndf3 Nd7 11. Nxc6 Bxc6 12. Qd2 Re8 13. a3 Qc8 14. Rfe1 Qb7 15.
h4 Rad8 16. Rad1 Nf6 17. Ne5 Ba4 18. Rc1 Ne4 19. Qe3 Nd6 20. dxc5 Nf5 21. Qd2
bxc5 22. b4 Qb6 23. bxc5 Qxc5 24. Nd3 Qa5 25. c4 Qxd2 26. Bxd2 dxc4 27. Rxc4 Bb5
28. Rc7 Bd4 29. Bf4 e5 30. Bg5 Rd6 31. g4 Bb6 32. Rc3 Nd4 33. Bf1 e4 34. Nb4 Ne6
35. Be3 Bd8 36. Bg2 a5 37. Na2 Bxh4 38. Bxe4 Bf6 39. Rcc1 Nd4 40. Bf3 Nxf3+ 41.
exf3 Rd3 42. g5 Bg7 43. Rc5 Rxa3 44. Rxb5 Rxa2 45. Reb1 Ba1 46. Rb8 Rxb8 47.
Rxb8+ Kg7 48. Bc5 f6 49. Rb7+ Kg8 50. f4 Rc2 51. Be3 a4 52. Ra7 Rc4 53. Kf1 fxg5
54. fxg5 Bd4 55. Ra8+ Kf7 56. Bxd4 Rxd4 57. Ra7+ Ke6 58. Rxh7 Kf5 59. Ra7 Kxg5
60. Kg2 Kf4 61. Rf7+ Ke5 62. Rg7 a3 63. Ra7 Rd3 64. Ra6 g5 65. f3 Kd4 66. Rc6
Rc3 67. Ra6 Kc4 68. Kg3 Kb3 0-1

[Event "Czech Open A 2013"]
[Site "Pardubice CZE"]
[Date "2013.07.20"]
[Round "2.27"]
[White "Gutenev,A"]
[Black "Narayanan,Sri"]
[Result "0-1"]
[WhiteElo "2350"]
[BlackElo "2475"]
[EventDate "2013.07.19"]

1. e4 c5 2. Nf3 d6 3. d4 cxd4 4. Nxd4 Nf6 5. Nc3 a6 6. h3 e6 7. g4 Be7 8. Bg2
Nfd7 9. Be3 Nc6 10. Qd2 Nde5 11. b3 O-O 12. O-O-O Nxd4 13. Bxd4 Ng6 14. Rhe1 b5
15. Kb1 Bb7 16. Ne2 Rc8 17. f4 e5 18. Be3 exf4 19. Nxf4 Ne5 20. Bd4 Qc7 21. Re2
Rfe8 22. Qe1 a5 23. Bb2 b4 24. Nd5 Bxd5 25. Rxd5 Rb8 26. Red2 Bg5 27. Rd1 Bf4
28. Qf2 Ng6 29. h4 Be5 30. Bxe5 Nxe5 31. g5 a4 32. Rxd6 a3 33. Qd4 Qc8 34. Rd5
Qg4 35. Bf1 Nf3 36. Be2 Nxd4 37. Bxg4 Nb5 38. Kc1 Nc3 39. R1d4 Nxa2+ 40. Kd2 Nc3
41. Ra5 Ra8 42. Bd7 Rxa5 0-1

[Event "Czech Open A 2013"]
[Site "Pardubice CZE"]
[Date "2013.07.20"]
[Round "2.28"]
[White "Simantsev,M"]
[Black "Dauth,B"]
[Result "1-0"]
[WhiteElo "2473"]
[BlackElo "2349"]
[EventDate "2013.07.19"]

1. d4 d5 2. c4 c6 3. Nc3 Nf6 4. e3 e6 5. Nf3 Bd6 6. Qc2 O-O 7. b3 b6 8. Bd3 Bb7
9. O-O Nbd7 10. Bb2 Rc8 11. Rad1 Re8 12. Rfe1 Qe7 13. e4 dxe4 14. Nxe4 Nxe4 15.
Bxe4 Nf8 16. Ne5 Bxe5 17. dxe5 Red8 18. c5 Rc7 19. Rd6 Rcd7 20. b4 Rxd6 21. exd6
Qh4 22. Re3 f5 23. Qc3 Rd7 24. Bxf5 exf5 25. Qb3+ Rf7 26. Re7 Qh5 27. d7 Nxd7
28. Rxd7 Kf8 29. Rd8+ Ke7 30. Qd3 1-0

[Event "Czech Open A 2013"]
[Site "Pardubice CZE"]
[Date "2013.07.20"]
[Round "2.29"]
[White "Krapivin,Vl"]
[Black "Sipos,I"]
[Result "1-0"]
[WhiteElo "2340"]
[BlackElo "2471"]
[EventDate "2013.07.19"]

1. e4 e6 2. d4 d5 3. exd5 exd5 4. Bd3 c5 5. dxc5 Bxc5 6. Ne2 Nf6 7. O-O O-O 8.
h3 h6 9. Nd2 Nc6 10. Nb3 Bb6 11. c3 Ne4 12. Bf4 Qf6 13. Bc2 Re8 14. Nbd4 Nxd4
15. cxd4 Bf5 16. Bb3 Rad8 17. Rc1 Ng5 18. Be5 Rxe5 19. dxe5 Qxe5 20. Bc2 Be4 21.
Qd2 Rd6 22. Bxe4 dxe4 23. Qf4 Qxf4 24. Nxf4 e3 25. Rc8+ Kh7 26. fxe3 Bxe3+ 27.
Kh2 Rf6 28. g3 Ne6 29. Rf3 Bb6 30. Kg2 Nd4 31. Rf1 Rf5 32. Nd3 Rd5 33. Rxf7 Nf5
34. Rc3 Ne3+ 35. Kf3 Nd1 36. Rb3 Kg8 37. Rxb7 Rf5+ 38. Ke2 Nf2 39. R7xb6 Nxd3
40. Rb8+ 1-0

[Event "Czech Open A 2013"]
[Site "Pardubice CZE"]
[Date "2013.07.20"]
[Round "2.30"]
[White "Toth,E"]
[Black "Stromboli,E"]
[Result "1/2-1/2"]
[WhiteElo "2471"]
[BlackElo "2335"]
[EventDate "2013.07.19"]

1. d4 e6 2. c4 Nf6 3. Nc3 Bb4 4. f3 O-O 5. a3 Bxc3+ 6. bxc3 b6 7. e4 Ne8 8. Bd3
Ba6 9. Qe2 Nc6 10. a4 Na5 11. Ba3 d6 12. f4 f5 13. e5 c5 14. Nf3 d5 15. dxc5
dxc4 16. Bc2 Qc8 17. cxb6 Rf7 18. bxa7 Rfxa7 19. Nd4 Nb3 20. Rd1 Bb7 21. Bb4
Rxa4 22. Bb1 Nxd4 23. Rxd4 Bd5 24. O-O Qb7 25. Rfd1 Nc7 26. h3 Nb5 27. Rxd5 exd5
28. Qe1 Rxb4 29. cxb4 g6 30. e6 Re8 31. Kh1 Qc6 32. e7 Qd6 33. Qg3 Rxe7 34. Bxf5
Rf7 35. Be4 Qxf4 36. Qxf4 Rxf4 37. Bxd5+ Kg7 38. g3 Rf2 39. Bxc4 Na3 40. Rd7+
Kf8 41. Kg1 Rb2 42. Bf1 Rxb4 43. Rxh7 Rd4 44. Kf2 Nc4 45. Ra7 Nd6 46. Be2 Nf5
47. g4 Ne7 48. Ke3 Rb4 49. Bf3 Rb6 50. h4 Re6+ 51. Be4 Nd5+ 52. Kd4 Nf4 53. Ra2
Kg7 54. Rb2 Re8 55. Rb7+ Kh6 56. Bf3 Ne6+ 57. Kc4 Rf8 58. g5+ Nxg5 59. hxg5+
Kxg5 60. Be4 Rf6 61. Kd4 Kf4 62. Rb1 Re6 63. Rf1+ Kg5 64. Ke3 Rb6 65. Rg1+ Kh6
66. Kf4 Rf6+ 67. Ke5 Rb6 68. Bd5 Rb2 69. Bf7 Rb6 70. Be6 Rb2 71. Bc4 Rb6 72. Bd5
Rb2 73. Rg3 Rb6 74. Bc4 Rc6 75. Be6 Rc2 76. Bd5 Rc5 77. Ra3 Kg5 78. Ra1 Kh6 79.
Ra6 Kg7 80. Ke6 Rc1 81. Ke5 Rc5 82. Ra2 Kh6 83. Ra1 Kg5 84. Rd1 Rb5 85. Ke6 Rb6+
86. Kf7 Rf6+ 87. Kg7 Rd6 88. Rg1+ Kf5 89. Rf1+ Kg4 90. Bc4 g5 91. Kf7 Kg3 92.
Rg1+ Kf4 93. Be2 Rb6 94. Kg7 Re6 95. Bh5 Rb6 96. Ra1 Kg3 97. Ra4 Rb5 98. Kf6 Rc5
99. Bg4 Rb5 100. Bf5 Kf3 101. Kxg5 Ke3 102. Ra8 Rb2 103. Kf6 Rb5 104. Rd8 Ra5
105. Rd3+ Ke2 106. Rh3 Kd2 107. Kg5 Ra4 108. Be6 Rb4 109. Kf5 Kc2 110. Ke5 Kb2
111. Bd5 Kc2 112. Be6 Kb2 113. Bf5 Ka2 114. Be4 Kb2 115. Kd5 Ka2 116. Re3 Kb2
117. Bd3 Rb8 118. Be4 Rc8 119. Kd4 Rb8 120. Re2+ Ka3 121. Bd5 Rb4+ 122. Bc4 Rb2
123. Re8 Rb7 124. Ra8+ Kb4 125. Ra1 Rc7 126. Rb1+ Ka5 127. Rb8 Rd7+ 128. Kc3 Rc7
129. Kd4 Rd7+ 130. Bd5 Rc7 131. Bf3 Rc1 132. Be4 Ka6 133. Bd5 Ka7 134. Rb2 Rc7
135. Ke5 Ka6 136. Rb1 Ka5 137. Kd4 Ka6 138. Bc4+ Ka7 139. Kd5 Rb7 140. Bb5 Kb8
141. Kc5 Re7 142. Bc6+ Kc8 143. Ra1 Re6 144. Rd1 Kc7 145. Rd7+ Kc8 146. Ra7 Kd8
147. Rh7 Re7 148. Rh8+ Kc7 149. Ra8 Re6 150. Ra7+ 1/2-1/2

[Event "Czech Open A 2013"]
[Site "Pardubice CZE"]
[Date "2013.07.20"]
[Round "2.31"]
[White "Migot,T"]
[Black "Bryzgalin,K"]
[Result "1/2-1/2"]
[WhiteElo "2331"]
[BlackElo "2470"]
[EventDate "2013.07.19"]

1. e4 c5 2. Nf3 Nc6 3. Bb5 Na5 4. c3 Nf6 5. e5 Nd5 6. O-O a6 7. Ba4 e6 8. d4
cxd4 9. cxd4 b5 10. Bc2 Be7 11. Nbd2 Bb7 12. Ne4 h6 13. a3 Rc8 14. h4 b4 15. h5
Qb6 16. Re1 Bc6 1/2-1/2

[Event "Czech Open A 2013"]
[Site "Pardubice CZE"]
[Date "2013.07.20"]
[Round "2.32"]
[White "Kovalev,An"]
[Black "Stromboli,C"]
[Result "1/2-1/2"]
[WhiteElo "2470"]
[BlackElo "2326"]
[EventDate "2013.07.19"]

1. e4 e5 2. Nf3 Nc6 3. Bb5 a6 4. Ba4 Nf6 5. O-O b5 6. Bb3 Bc5 7. a4 Bb7 8. d3 h6
9. Nc3 b4 10. Ne2 d5 11. exd5 Nxd5 12. Ng3 O-O 13. Re1 Re8 14. a5 Nf6 15. Bd2
Nd4 16. Nxd4 exd4 17. Rxe8+ Qxe8 18. Nh5 Qe5 19. Nxf6+ Qxf6 20. Qh5 Bd6 21. Re1
Kf8 22. Ba4 Rd8 23. h4 Kg8 24. Bb3 Bc8 25. Bc4 Bb7 26. Kf1 Bg3 27. Qxf7+ Qxf7
28. Bxf7+ Kxf7 29. fxg3 c5 30. Bf4 Rd5 31. Re5 h5 32. b3 Rxe5 33. Bxe5 Ke7 34.
g4 g6 35. gxh5 gxh5 36. g4 Bf3 37. gxh5 Bxh5 38. Ke1 Ke6 39. Bb8 1/2-1/2

[Event "Czech Open A 2013"]
[Site "Pardubice CZE"]
[Date "2013.07.20"]
[Round "2.33"]
[White "Krensing,J"]
[Black "Breder,D"]
[Result "1-0"]
[WhiteElo "2325"]
[BlackElo "2465"]
[EventDate "2013.07.19"]

1. d4 d5 2. c4 e6 3. Nc3 c6 4. e3 Nf6 5. Nf3 Nbd7 6. b3 Bd6 7. Be2 Ne4 8. Nxe4
dxe4 9. Nd2 f5 10. c5 Bc7 11. Qc2 O-O 12. Ba3 e5 13. Qc4+ Kh8 14. d5 Qg5 15. O-O
cxd5 16. Qxd5 Nf6 17. Qc4 Rd8 18. Rfd1 Bd7 19. Bf1 Bc6 20. Qc2 f4 21. Nc4 Bd5
22. Bc1 Rac8 23. Bd2 Be6 24. Be1 Rxd1 25. Rxd1 Bg4 26. Rd2 b5 27. Nd6 Bxd6 28.
Rxd6 h5 29. c6 h4 30. Qc5 h3 31. exf4 Qxf4 32. Bd2 Qf5 33. g3 Kh7 34. Qxa7 Ne8
35. Rd7 Rxc6 36. Re7 Rd6 37. Qe3 Nf6 38. Qh6+ 1-0

[Event "Czech Open A 2013"]
[Site "Pardubice CZE"]
[Date "2013.07.20"]
[Round "2.34"]
[White "Fernando,D"]
[Black "Konguvel,P"]
[Result "1-0"]
[WhiteElo "2465"]
[BlackElo "2319"]
[EventDate "2013.07.19"]

1. e4 c5 2. d3 Nc6 3. g3 g6 4. Bg2 Bg7 5. f4 d6 6. Nf3 Nf6 7. O-O O-O 8. Nc3 Rb8
9. h3 b5 10. g4 b4 11. Ne2 c4 12. Be3 Ba6 13. Rf2 cxd3 14. cxd3 e6 15. Ng3 d5
16. e5 d4 17. exf6 dxe3 18. Rc2 e2 19. Qc1 Bxf6 20. Rxc6 Qxd3 21. Kh2 Bb7 22.
Ne1 Qd4 23. Rc2 b3 24. Rxe2 Ba6 25. Nf3 Qc4 26. Qe3 bxa2 27. Ne5 Bxe5 28. Qxe5
Rb3 29. Rf2 Qd3 30. Ne4 f5 31. Rd2 1-0

[Event "Czech Open A 2013"]
[Site "Pardubice CZE"]
[Date "2013.07.20"]
[Round "2.35"]
[White "Zubritskiy,A"]
[Black "Malinovsky,K"]
[Result "1/2-1/2"]
[WhiteElo "2320"]
[BlackElo "2462"]
[EventDate "2013.07.19"]

1. d4 d5 2. c4 e6 3. Nf3 c5 4. cxd5 exd5 5. g3 Nc6 6. Bg2 Nf6 7. O-O Be7 8. Nc3
O-O 9. dxc5 Bxc5 10. Na4 Be7 11. b3 Bg4 12. Bb2 Qd7 13. Rc1 Rad8 14. Nc5 Bxc5
15. Rxc5 Qe7 16. Rc2 Bf5 17. Rd2 Be4 18. Qa1 Ne8 19. Nd4 Nxd4 20. Bxd4 Bxg2 21.
Kxg2 b6 22. Rfd1 f6 23. Qb1 Nc7 24. Bb2 Rfe8 25. Qf5 Qe4+ 26. Qxe4 Rxe4 27. Rc2
Re7 28. Rdc1 1/2-1/2

[Event "Czech Open A 2013"]
[Site "Pardubice CZE"]
[Date "2013.07.20"]
[Round "2.36"]
[White "Potapov,P"]
[Black "Battey,A"]
[Result "1/2-1/2"]
[WhiteElo "2460"]
[BlackElo "2304"]
[EventDate "2013.07.19"]

1. e4 c5 2. c3 Nf6 3. e5 Nd5 4. Bc4 Nb6 5. Bb3 c4 6. Bc2 Nc6 7. Nf3 d5 8. exd6
e5 9. O-O Be6 10. Re1 Bxd6 11. d4 cxd3 12. Qxd3 Bc7 13. Qe2 f6 14. Rd1 Qe7 15.
b3 f5 16. a4 e4 17. Ng5 O-O 18. a5 Nd7 19. a6 bxa6 20. Rxa6 Bb6 21. Nxe6 Qxe6
22. Ba3 Nc5 1/2-1/2

[Event "Czech Open A 2013"]
[Site "Pardubice CZE"]
[Date "2013.07.20"]
[Round "2.37"]
[White "Gergel,V"]
[Black "Sochacki,C"]
[Result "0-1"]
[WhiteElo "2229"]
[BlackElo "2459"]
[EventDate "2013.07.19"]

1. d4 e6 2. c4 b6 3. Nf3 Bb7 4. e3 f5 5. Nc3 Bb4 6. Qb3 Qe7 7. a3 Bxc3+ 8. Qxc3
Nf6 9. b4 d6 10. Bb2 Ne4 11. Qc2 Nd7 12. Bd3 O-O 13. O-O-O c5 14. dxc5 bxc5 15.
Ne1 d5 16. f3 Nd6 17. b5 Nb6 18. Qe2 dxc4 19. Bc2 Nxb5 20. a4 Nd6 21. Be5 Nf7
22. f4 Nxe5 23. fxe5 c3 24. Qb5 Nd5 25. e4 Rab8 26. Nf3 c4 27. Rde1 fxe4 28.
Rxe4 Ba8 29. Qxc4 Qa3+ 30. Kd1 Qa1+ 31. Ke2 Qxh1 32. Rg4 Rb2 33. Qd3 Nf4+ 34.
Rxf4 Rxc2+ 35. Ke3 Qc1+ 0-1

[Event "Czech Open A 2013"]
[Site "Pardubice CZE"]
[Date "2013.07.20"]
[Round "2.38"]
[White "Zorko,Ju"]
[Black "Pagerka,M"]
[Result "0-1"]
[WhiteElo "2459"]
[BlackElo "2213"]
[EventDate "2013.07.19"]

1. e4 c6 2. d4 d5 3. Nc3 dxe4 4. Nxe4 Bf5 5. Ng3 Bg6 6. Bc4 e6 7. N1e2 Nf6 8.
Nf4 Bd6 9. c3 Qc7 10. Qf3 Nbd7 11. Bd2 O-O-O 12. O-O Rhe8 13. Nxg6 hxg6 14. b4
Nb6 15. Bb3 e5 16. dxe5 Bxe5 17. Rad1 Nbd5 18. Rfe1 Bd6 19. Nf1 Re5 20. Rxe5
Bxe5 21. Be1 Rh8 22. g3 Re8 23. c4 Nb6 24. Ne3 c5 25. a4 Nbd7 26. Nc2 g5 27. a5
g4 28. Qd3 Re6 29. Ne3 Bd4 30. Qf5 g6 31. Qc2 Ne5 32. b5 Nf3+ 33. Kg2 Bxe3 34.
fxe3 Ne4 35. Qd3 f5 36. b6 axb6 37. axb6 Nxe1+ 38. Rxe1 Rxb6 39. Rd1 Rd6 40. Qc2
Qd8 41. Rd5 Rxd5 42. cxd5 Qa5 43. d6 Qb6 44. Be6+ Kd8 45. Bd5 Nxd6 46. Qc3 Ne8
47. e4 Nf6 48. Qe5 Nxe4 49. Bxe4 fxe4 50. Qg5+ Kd7 51. Qxg4+ Qe6 52. Qd1+ Kc7
53. Qa1 e3 54. Qa5+ Qb6 55. Qc3 Qc6+ 56. Kg1 c4 57. Qg7+ Kb6 58. Qb2+ Kc5 59.
Qe5+ Qd5 60. Qe7+ Kd4 61. Qf6+ Qe5 62. Qd8+ Ke4 63. Qd1 Qd4 64. Qg4+ Kd5 65.
Qg5+ Qe5 66. Qd8+ Ke4 67. Qd1 Qf5 68. Qb1+ Ke5 69. Qb5+ Kd4 70. Qb6+ Kd3 71.
Qb1+ Kc3 72. Qc1+ Kd4 73. Qa1+ Kc5 74. Qa3+ Kc6 75. Qa4+ Kd6 76. Qxc4 Qf2+ 77.
Kh1 Qf3+ 78. Kg1 Qd1+ 79. Kg2 Qd5+ 80. Qxd5+ Kxd5 81. h4 Ke4 82. g4 Kd3 83. h5
gxh5 84. gxh5 e2 0-1

[Event "Czech Open A 2013"]
[Site "Pardubice CZE"]
[Date "2013.07.20"]
[Round "2.39"]
[White "Sanders,I"]
[Black "Matsenko,S"]
[Result "0-1"]
[WhiteElo "2210"]
[BlackElo "2458"]
[EventDate "2013.07.19"]

1. e4 e6 2. d4 d5 3. Nc3 Bb4 4. e5 c5 5. a3 Bxc3+ 6. bxc3 Qc7 7. Nf3 Ne7 8. h4
b6 9. h5 h6 10. Rh4 Ba6 11. Bxa6 Nxa6 12. Qd3 cxd4 13. cxd4 Rc8 14. Rg4 Kf8 15.
Bd2 Qc4 16. Qxc4 Rxc4 17. O-O-O Nc5 18. Bb4 Ne4 19. Bxe7+ Kxe7 20. Rxg7 Kf8 21.
Rg4 Nxf2 22. Rf4 Nxd1 23. Kxd1 Ra4 24. g4 Rg8 25. g5 hxg5 26. Rg4 Rh8 27. Rxg5
Rxa3 28. Ke2 Rc3 0-1

[Event "Czech Open A 2013"]
[Site "Pardubice CZE"]
[Date "2013.07.20"]
[Round "2.40"]
[White "Smith,Bry"]
[Black "Mueer,S"]
[Result "1-0"]
[WhiteElo "2456"]
[BlackElo "2202"]
[EventDate "2013.07.19"]

1. e4 e6 2. d4 d5 3. Nd2 Nf6 4. e5 Nfd7 5. Bd3 c5 6. c3 Nc6 7. Ngf3 g6 8. h4 h6
9. Bc2 Qc7 10. Nf1 b6 11. Ne3 Ba6 12. Bd3 Bxd3 13. Qxd3 Rc8 14. Bd2 Bg7 15. O-O
Ne7 16. Rac1 c4 17. Qe2 O-O 18. Nh2 Kh7 19. h5 f5 20. hxg6+ Nxg6 21. f4 Qd8 22.
g3 Rh8 23. g4 fxg4 24. f5 exf5 25. Rxf5 Nh4 26. Rf7 Nf3+ 27. Nxf3 gxf3 28. Qxf3
Qg5+ 29. Qg2 Qxg2+ 30. Kxg2 Rcd8 31. e6 Nf6 32. Nf5 Kg6 33. Ne7+ Kh7 34. Rh1 Ng8
35. Nf5 Kg6 36. Nxg7 Rh7 37. Kf3 1-0

[Event "Czech Open A 2013"]
[Site "Pardubice CZE"]
[Date "2013.07.20"]
[Round "2.41"]
[White "Walter,F"]
[Black "Gavrilov,Al1"]
[Result "0-1"]
[WhiteElo "2117"]
[BlackElo "2452"]
[EventDate "2013.07.19"]

1. c4 e5 2. Nc3 Nf6 3. g3 Bb4 4. Bg2 O-O 5. Qb3 Nc6 6. Bxc6 Bxc3 7. Bg2 Ba5 8.
Nf3 e4 9. Ng5 Qe7 10. O-O h6 11. Nh3 d6 12. Nf4 c6 13. Qc2 Bf5 14. e3 Rad8 15.
Rb1 Bc7 16. b4 d5 17. Ne2 Rfe8 18. Nd4 Bg6 19. c5 Nd7 20. b5 Ne5 21. bxc6 bxc6
22. Rb7 a5 23. Ba3 Rb8 24. Rfb1 Qd7 25. Qc3 Nf3+ 26. Bxf3 exf3 27. R1b6 Be4 28.
Rxb8 Rxb8 29. Rxb8+ Bxb8 30. Qb3 Be5 31. Qd1 Bxd4 32. exd4 Qf5 33. Qe1 Bd3 34.
Qe8+ Kh7 35. Qe3 Be2 0-1